The history of Shtokman field development; Творчество юных - шаг в успешное будущее

Opis bibliograficzny
Parent link:Творчество юных - шаг в успешное будущее.— 2016.— [С. 576-578]
1. autor: Shagdurov B. O.
Korporacja: Национальный исследовательский Томский политехнический университет (ТПУ) Институт природных ресурсов (ИПР) Кафедра иностранных языков (ИЯПР)
Kolejni autorzy: Ochirov B. B. (научный руководитель), Matveenko I. A. Irina Alekseevna
Streszczenie:Заглавие с титульного экрана
Język:angielski
Wydane: 2016
Seria:Арктика и ее освоение (доклады на английском и немецком языках)
Hasła przedmiotowe:
Dostęp online:http://earchive.tpu.ru/handle/11683/36818
Format: Elektroniczne Rozdział
KOHA link:https://koha.lib.tpu.ru/cgi-bin/koha/opac-detail.pl?biblionumber=622121

MARC

LEADER 00000naa2a2200000 4500
001 622121
005 20231101133209.0
035 |a (RuTPU)RU\TPU\conf\20773 
035 |a RU\TPU\conf\20767 
090 |a 622121 
100 |a 20170207d2016 k y0rusy50 ba 
101 0 |a eng 
102 |a RU 
105 |a y z 101zy 
135 |a drgn ---uucaa 
181 0 |a i  
182 0 |a b 
200 1 |a The history of Shtokman field development  |f B. O. Shagdurov, B. B. Ochirov  |g sci. adv. I. A. Matveenko 
203 |a Текст  |c электронный 
225 1 |a Арктика и ее освоение (доклады на английском и немецком языках) 
230 |a 1 компьютерный файл (pdf; 261 Kb) 
300 |a Заглавие с титульного экрана 
320 |a [Библиогр.: с. 578 (2 назв.)] 
463 1 |0 (RuTPU)RU\TPU\conf\20537  |t Творчество юных - шаг в успешное будущее  |o Арктика и её освоение  |o материалы IX Всероссийской научной молодежной конференции с международным участием с элементами научной школы имени профессора М.К. Коровина, г. Томск, 10-14 октября 2016 г.  |f Национальный исследовательский Томский политехнический университет (ТПУ) ; под ред. А. Ю. Дмитриева  |v [С. 576-578]  |d 2016 
610 1 |a труды учёных ТПУ 
610 1 |a электронные ресурсы 
610 1 |a Арктика 
610 1 |a освоение 
610 1 |a Штокмановское месторождение 
610 1 |a газовые месторождения 
610 1 |a Газпром 
610 1 |a шельфы 
700 1 |a Shagdurov  |b B. O. 
701 1 |a Ochirov  |b B. B. 
702 1 |a Matveenko  |b I. A.  |c linguist  |c Associate Professor of Tomsk Polytechnic University, Candidate of philological science  |f 1967-  |g Irina Alekseevna  |2 stltpush  |4 727 
712 0 2 |a Национальный исследовательский Томский политехнический университет (ТПУ)  |b Институт природных ресурсов (ИПР)  |b Кафедра иностранных языков (ИЯПР)  |h 6735  |2 stltpush  |3 (RuTPU)RU\TPU\col\18662 
801 2 |a RU  |b 63413507  |c 20170213  |g RCR 
856 4 |u http://earchive.tpu.ru/handle/11683/36818 
942 |c BK